| 000 | 01093cam a22002054a 4500 | ||
|---|---|---|---|
| 005 | 20250605164103.0 | ||
| 008 | 250528s ||||||||||||||||||||||||d | ||
| 035 | _a17642 | ||
| 020 | _a9780335244492 | ||
| 040 |
_aGR-AtMCL _bgre _dGR-AtMCL _eAACR2 |
||
| 245 | 1 | _aIntroducing Qualitative Research in Psychology / Third Edition | |
| 250 | _a3st | ||
| 260 |
_bMcgraw Hill Book Company, _c2013 |
||
| 300 | _a250 | ||
| 520 | _aAcknowledgements, Conceptual Preparation, From Recipes to Adventures, Epistemological Bases for Qualitative Research, Qualitative Research Design and Data Collection, The Role of Interpretation, Putting Together a Research Proposal, Doing Research, Thematic Analysis, Grounded Theory Methodology, Phenomenological Methods, Case Studies, Discursive Psychology, Foucauldian Discourse Analysis, Narrative Psychology, Visual Methods, Reflections and Conclusions, Quality in Qualitative Research, Review and Conclusions: Where Next for Qualitative Psychology?, References, Index. | ||
| 700 | 1 |
_aWillig Carla _93830 |
|
| 942 | _cBK | ||
| 999 |
_c3044 _d3044 |
||